Stany USA z największą liczbą krów - Statystyki

Ogólne statystyki
  • Ten quiz został rozwiązany 9 razy
  • Średni wynik to 4 z 10
Statystyki odpowiedzi
Bydło Stan % Poprawnych
12,7 mln Teksas
100%
5,20 mln Kalifornia
78%
3,80 mln Dakota Południowa
56%
5,20 mln Oklahoma
56%
6,50 mln Kansas
44%
3,86 mln Iowa
33%
2,65 mln Kolorado
33%
3,50 mln Wisconsin
22%
4,09 mln Missouri
11%
6,80 mln Nebraska
11%
Nie znaleziono quizów pasujących do podanych kryteriów
Rozkład punktacji
Procent ludzi z każdym wynikiem
Percentyl według liczby udzielonych odpowiedzi
Twoja historia wyników
Nie rozwiązałeś tego quizu